01659nam a22002777a 45000010005000000030006000050050017000110080041000280200018000690400029000870500009001160820010001251000012001352450076001472600053002233000047002765050007003235200780003305210027011105210018011376500048011557000021012039420015012249990015012399520127012547383FISKH20250711111938.0250711b cb ||||| |||| 00| 0 eng d a9789833515196 aFISKHbengcFISKHdFISKH aPZ7  a398.2 aShilpi  aThe golden Goose : bPopular fairy tales / cEdited by Shilpi & Deepti  aKuala Lampur : bScholar's Publications, c2006. a16 pages : bcolor illustrations ; c28 cm aG  aThis is a classic folk tale about a kind-hearted young man named Simpleton, who is often mocked by his older brothers and the people around him. One day, Simpleton shares his food with a hungry old man, who rewards him with a magical golden goose. When people see the goose's golden feathers, they become greedy and try to steal it—only to find themselves magically stuck to the bird and to each other. As Simpleton walks through the village, he unknowingly collects a long line of people stuck together behind the goose. Later, a princess who never smiles sees the ridiculous parade and bursts into laughter. This delights the king, and as a reward, Simpleton is allowed to marry the princess. His kindness and simplicity bring him good fortune and happiness in the end.8 a380 bLexile estimate 8 aG bRaz-Plus  aKindness vFairy TalexGreedyGenerosity  aDeepti eEditor  2ddccBKn0 c7383d7383 00102ddc40708JUVFa001b001cTK Blued2025-07-11l0oSHI 398.2 PZ7 p2025-1826r2025-07-11 11:16:28t1w2025-07-11yBK